000 00211nam a22001097a 4500
040 _cSP
082 _a363
100 _aFAO
245 _aRisk management and food safety
260 _aRome
_bFAO
_c1997
942 _cEK
999 _c8563
_d8563